Lana Del Rey Lyrics - Off to the Races - Statistics

General Stats
  • This quiz has been taken 407 times
  • The average score is 35 of 63
Answer Stats
Hint Lyric % Correct
My old man is a ___ ___ but bad man
90%
And he grabs me, he has me by __ _____ my heart
88%
I can't deny the way he _____ __ ____ holds my hand
85%
He loves me, with every beat of his _______ _____ cocaine heart
84%
Be a ____ ____ do what I want good baby
84%
White bikini off with my ___ ____ ______ red nail polish
82%
And I won't get out, because I'm _____, baby crazy
79%
Light of my life, fire of my _____ loins
79%
Chasin' me all ____ ____ over town
79%
I need you to come here and ____ __ save me
79%
Kiss me on my ____ _____, ready for you open mouth
75%
Gimme them ____ _____, gimme them coins gold coins
73%
Admires me, the way I roll like a ______ _____ rolling stone
73%
Swimmin' pool __________ darling glimmerin'
72%
Says it feels like ______ to him heaven
72%
Light of my life, ____ __ __ _____ fire of my loins
71%
Slippin' on my red dress, puttin' on my ______ makeup
71%
He doesn't mind I have a ___ _____ ____ Las Vegas past
70%
Light of ___ ____, fire of his loins his life
64%
If fact, he says he thinks it's what he _____ ____ about me might like
63%
My old man is a _____ ___ but tough man
62%
God I'm so _____, ____ crazy baby
61%
He doesn't mind I have a __ _____ way about me LA crass
60%
"You never looked so _________, as you do now my man" beautiful
59%
Light of your life, fire of ____ _____ your loins
59%
I'm not afraid to say that I'd ___ _______ ___ die without him
58%
I'm sorry that I'm ___________ misbehaving
57%
Watch me in the swimmin' pool bright blue _______ ripples
57%
You are my ___ ____ ____ one true love
55%
Queen of _____ ______, raising hell all over town Coney Island
54%
He doesn't mind I have a ____ _____ ____ life flat broke down
54%
Who else is gonna ___ __ with me this way? put up
54%
He got a soul as sweet as _____ ___ ___ blood red jam
53%
Love you, but I'm _____ ____ goin' down
53%
I love you forever, not _____ maybe
53%
_____ 'bout it Sorry
53%
And he _____ __, he knows me shows me
52%
And I'm off to the races, cases of _______ _______ Bacardi chasers
51%
Every inch of my ___ _____ soul tar black
51%
My old man is a _____ and thief
50%
I'm your lilttle _______, _______, singin' the garden scarlet starlet
49%
I need you, I _______ ___, I'll never leave you breathe you
48%
Cause he knows I'm wasted, facin' time again at _____ ______ Rikers Island
45%
Boy, you're __ _____, baby so crazy
45%
I'm gonna ____ ___ ____ with him til the end stay and pray
45%
Take him when He may, if __ ___ He may
44%
But I trust in the decision of ___ _____, to watch over us the Lord
44%
Is tight, and I am _______ ____ falling down
43%
You're lyin' with you ____ _____ on gold chain
43%
Yo, I'm off to the races, laces, _______ on my waist leather
40%
Keep me forever, tell me you ___ __ own me
40%
Down and now we're _____ __ goin' in
39%
They would ___ ___ ___ I was alone without you rue the day
39%
Honey, it is time to ____ spin
39%
You sittin' sippin' on your _____ _______ oh yeah Black Cristal
38%
_____ ______ from your lips I said "Hon" cigar hangin'
37%
Tell me you own me, _____ ____ _____ gimme them coins
34%
Glass room, perfurme, ______, _____ _____ cognac lilac fumes
33%
Likes to watch me in the glass room bathroom, ________ _______ Chateau Marmont
32%
To Las Vegas, chaos, ______ _____ Casino Oasis
29%
And we're off to the races, ______, ready set the gate is places
27%
I'm your little ______, _______, harlot starlet
26%
I can see your face is, shameless, _________ ________ Cipriani's Basement
23%
No matching quizzes found
Score Distribution
Percent of People with Each Score
Percentile by Number Answered
Your Score History
You have not taken this quiz